000 nam a22 a 4500
999 _c330193
_d330193
003 BLK
005 20230214094150.0
008 180411b bul|||||r ||||||| ||bul||
010 _aKNG00193927000
020 _a978-954-733-977-4
040 _aBLK
041 _aBUL
_cBUL
072 7 _2bullib
_aН15
_xПсихология Н
080 _aПсихоанализа
_b159.964.2
_x(436)(092)
_z159.964.2(436)(092)
080 _aОртодоксална психоанализа. Учение на Фройд. Активна психоанализа (по Щекел), нео-психоанализа
_b615.851.134
_x(436)(092)
_z615.851.134(436)(092)
080 _aАвстрийски психолог и психиатър
_b929 Фройд, Зигмунд
_z929 Фройд, Зигмунд
100 _aРудинеско, Елизабет
_eпърви автор
_91299
139 _aФройд, Зигмунд
_bФ 85
245 1 0 _aЗигмунд Фройд - биография
_cЕлизабет Рудинеско; прев. от нем. Евгения Грекова
257 _aDEU
260 _bПрозорец
_c2018
_9209461
_aСофия
300 _a495 с.
_bс ил., портр., сх.
_c20 см
380 _a1
600 1 4 _aФройд, Зигмунд
_9244303
650 4 _aФройдизъм
_9176215
650 4 _aФройд, Зигмунд
_9244303
653 _aфройдизъм
653 _aЗигмунд Фройд
659 _aН
700 _aГрекова, Евгения
_eпрев.
_9966
852 _bП
_cП 159.96/Ф
852 _bЦб
_aЦб 295126
856 4 _qpdf
856 4 _qpdf
942 _cKNG
_n0
_05
999 _d330193
999 _d330193